| 000 | 00707nam a2200277Ia 4500 | ||
|---|---|---|---|
| 001 | Z_842 | ||
| 003 | CHAP | ||
| 008 | 220113s9999 xx 000 0 und d | ||
| 010 | _a163936 | ||
| 040 | _cCHAP | ||
| 082 | _a636.08951 F84 | ||
| 100 |
_aFuentes Hernández, Víctor O. _9137982 |
||
| 245 |
_aFarmacología veterinaria / _cVíctor O. Fuentes Hernández y Héctor S. Sumano López |
||
| 260 |
_a-s.p.i.- : _b, _c |
||
| 300 | _a413 p. + índice | ||
| 440 | _a | ||
| 500 | _a | ||
| 503 | _a | ||
| 650 |
_aVeterinaria _xMedicamentos I. Sumano López, Héctor S. II. t. _9137983 |
||
| 901 | _a636.08951 F84 | ||
| 902 | _aA | ||
| 910 | _a | ||
| 942 | _c1 | ||
| 942 | _cc1 | ||
| 999 |
_c163936 _d163936 |
||